Bodka, bodka, čiaročka /

Hlavní autor: Steinerová, Jana, 1950-
Další autoři: Monogramista T.D, 1947-
Jazyk: Slovenština
Vydáno: Bratislava : Mladé letá, 1982
Vydání: 1. vyd.
Edice: Pracovné zošity
Fyzický popis: 1 sv. (nestránkován)
Knihy
Uloženo v:
LEADER 00812nam a2200253 a 4500
001 000531086
003 CZ BrMZK
005 20100714114746.0
007 ta
008 000105s1982 xo a f 000 0 slo d
040 |a BOA001  |b cze 
080 |a 084.1(02.053.2)  |2 MRF 
080 |a 372.4  |2 MRF 
100 1 |a Steinerová, Jana,  |d 1950-  |7 mzk2004252162  |4 aut 
245 1 0 |a Bodka, bodka, čiaročka /  |c Jana Steinerová ; ilustroval Dezider Tóth 
250 |a 1. vyd. 
260 |a Bratislava :  |b Mladé letá,  |c 1982 
300 |a 1 sv. (nestránkován) 
490 1 |a Pracovné zošity 
700 0 |a Monogramista T.D,  |d 1947-  |7 jo20010044149  |4 ill 
830 0 |a Pracovné zošity 
910 |a BOA001  |b 2-0865.807 
990 |a BK 
996 7 |b 2619368894  |c 2-0865.807  |l MZK  |r Sklad / do 1 hodiny  |n 0  |w 000531086  |u 000010  |a 1  |e BOA001  |j MZK50  |s A